| 000 | 00794cam a22002657a 4500 | ||
|---|---|---|---|
| 003 | CHAP | ||
| 005 | 20220329134948.0 | ||
| 008 | 971013s r 00010 d | ||
| 010 | _a28737 | ||
| 011 | _a29709 | ||
| 035 | _a33820 | ||
| 040 | _cCHAP | ||
| 090 | _aR-70 | ||
| 100 | 0 | 0 |
_aKostermans, André J. G. H. _963775 |
| 245 | 1 | 2 | _aA new Ceylonese species of Abarema Pitt |
| 500 | _aSobretiro de : Ceylon J. Sci. Biol. Sci. 9 (2) : 61-63, 1971 | ||
| 590 |
_aBATCH-UPD _b10 _c20130110 _lUCH01 _h2127 |
||
| 590 |
_aBATCH-UPD _b10 _c20130410 _lUCH01 _h1437 |
||
| 590 |
_aBATCH-UPD _b10 _c20130914 _lUCH01 _h0730 |
||
| 590 |
_aCONVERSION _b10 _c20130109 _lUCH01 _h1316 |
||
| 650 | 1 | 4 |
_aBotánica _xCeylán. _914512 |
| 901 | _aBK | ||
| 942 | _cREIMP | ||
| 949 |
_aR-70 _bBC _cR _d-78556 _eTS1 _i33820 _si |
||
| 999 |
_c28737 _d28737 |
||